| 000 | 005390000a22002050004500 | ||
|---|---|---|---|
| 003 | LK-CoMWRAF | ||
| 005 | 20230914134535.0 | ||
| 008 | 230817t ||||| |||| 00| 0 eng d | ||
| 040 |
_aLK-CoMWRAF _dLK-CoMWRAF _eLK-CoMWRAF |
||
| 041 | _aeng | ||
| 082 |
_a297.122 _bTAF |
||
| 100 | _aA.L.Shaykh Saifur Rahman | ||
| 245 |
_aTAFSIR IBN KATHIR : _b(Surat Al-Ahzab to Surat Ad-Dukhan) |
||
| 250 | _a1st Edition | ||
| 260 |
_aRiyadh : _bDarussalam, |
||
| 300 | _a698p | ||
| 490 | _aVolume 8 | ||
| 650 | _aQurʾan-Commentaries | ||
| 942 | _cBK | ||
| 999 |
_c379 _d379 |
||